000 00737nam a2200181 a 4500
001 BRCA_1867
005 20190320203600.0
008 090608s1997----ag-#---###---#000-0#spa-#
050 4 _aAM5
_b.I36 1997
245 1 0 _aSiglo XXI
_bhacia una nueva gestión en instituciones culturales : ponencias y documentos.
260 _aArgentina
_bICOM
_c1997
300 _a1 v. (sin paginación)
_c30 cm.
500 _aMemoria del IV Seminario Latinoamericano sobre Patrimonio Cultural realizado en Mar de Plata (Argentina), 15-18 octubre, 1997
611 2 4 _aSeminario Latinoamericano sobre Patrimonio Cultural
_nIV
_vPonencias
_95784
650 1 4 _aGestión cultural
_vCongresos
_95785
650 1 4 _aPatrimonio cultural
_vCongresos
_95786
942 _2lcc
_cB
999 _c1645
_d1645